Một số bệnh quan trọng gây hại cho trâu bò
Giới thiệu những kinh nghiệm và chẩn đoán phòng trị một số bệnh chủ yếu gây hại cho trâu bò như bệnh do virut và prion, bệnh do vi khuẩn, do kí sinh trùng. Giới thiệu các loại thuốc và vacxin phòng bệnh cho trâu bò...
Bewaard in:
| Hoofdauteur: | |
|---|---|
| Formaat: | Boek |
| Taal: | Undetermined |
| Gepubliceerd in: |
Hà Nội
Nông nghiệp
2011
|
| Onderwerpen: | |
| Tags: |
Voeg label toe
Geen labels, Wees de eerste die dit record labelt!
|
| Thư viện lưu trữ: | Trung tâm Học liệu Trường Đại học Cần Thơ |
|---|
| LEADER | 00927nam a2200217Ia 4500 | ||
|---|---|---|---|
| 001 | CTU_208766 | ||
| 008 | 210402s9999 xx 000 0 und d | ||
| 020 | |c 84500 | ||
| 082 | |a 636.2089 | ||
| 082 | |b L116 | ||
| 100 | |a Phạm, Sỹ Lăng | ||
| 245 | 0 | |a Một số bệnh quan trọng gây hại cho trâu bò | |
| 245 | 0 | |c Phạm Sỹ Lăng (Chủ biên) | |
| 260 | |a Hà Nội | ||
| 260 | |b Nông nghiệp | ||
| 260 | |c 2011 | ||
| 520 | |a Giới thiệu những kinh nghiệm và chẩn đoán phòng trị một số bệnh chủ yếu gây hại cho trâu bò như bệnh do virut và prion, bệnh do vi khuẩn, do kí sinh trùng. Giới thiệu các loại thuốc và vacxin phòng bệnh cho trâu bò | ||
| 650 | |a Cattle,Gia súc | ||
| 650 | |x Diseases,Bệnh | ||
| 904 | |i Hải | ||
| 980 | |a Trung tâm Học liệu Trường Đại học Cần Thơ | ||